[Event "Excelsior March op"]
[Site "Toronto CAN"]
[Date "2023.03.11"]
[Round "2.15"]
[White "Brajkovic, Nikola"]
[Black "Filipovich, David"]
[Result "1/2-1/2"]
[WhiteElo "1766"]
[BlackElo "1993"]
[PlyCount "54"]
[EventDate "2023.03.19"]
[EventType "swiss"]
[EventRounds "5"]
[EventCountry "CAN"]

1. e4 g6 2. d4 Bg7 3. Be3 c6 4. Qd2 d5 5. e5 f6 6. f4 Nh6 7. h3 O-O 8. Bd3 Bf5
9. Ne2 Bxd3 10. Qxd3 Nf5 11. Bf2 fxe5 12. fxe5 e6 13. Nd2 c5 14. c3 Nc6 15. Nf3
Bh6 16. dxc5 Qc7 17. O-O Nxe5 18. Nxe5 Qxe5 19. Nd4 Nxd4 20. Bxd4 Qc7 21. Rae1
Rxf1+ 22. Qxf1 Re8 23. Qb5 Qc6 24. Qd3 Bg7 25. Bxg7 Kxg7 26. Qd4+ Kg8 27. Re5
Qa6 1/2-1/2

[Event "Excelsior March op"]
[Site "Toronto CAN"]
[Date "2023.03.11"]
[Round "2.16"]
[White "Yang, Lefan"]
[Black "Struthers, Matthew"]
[Result "1-0"]
[WhiteElo "1745"]
[BlackElo "1973"]
[PlyCount "103"]
[EventDate "2023.03.19"]
[EventType "swiss"]
[EventRounds "5"]
[EventCountry "CAN"]

1. d4 Nf6 2. c4 g6 3. Nc3 Bg7 4. e4 d6 5. Be2 O-O 6. Be3 e5 7. d5 h6 8. g4 Ne8
9. Qd2 Kh7 10. O-O-O a6 11. Kb1 Nd7 12. h4 Qe7 13. Nh3 c5 14. dxc6 bxc6 15. f3
Rb8 16. Na4 c5 17. g5 h5 18. Qa5 Rb7 19. Nc3 Nc7 20. Nd5 Nxd5 21. cxd5 Rb8 22.
Nf2 Qd8 23. Qxd8 Rxd8 24. Bd2 Nb6 25. Ba5 Rd7 26. Kc2 Bf8 27. b3 Be7 28. Rb1
Bd8 29. Bd2 Ra7 30. Nd3 Bd7 31. a4 Rc8 32. Nb2 Be7 33. a5 Na8 34. f4 f6 35.
gxf6 Bxf6 36. Nc4 Bb5 37. Nxd6 Rb8 38. Nxb5 axb5 39. Bc3 Re7 40. b4 c4 41. Rbd1
Bg7 42. d6 Ree8 43. d7 Red8 44. fxe5 Nc7 45. Bf1 Bf8 46. Bh3 Na6 47. Rb1 Be7
48. Rhf1 Rf8 49. e6 Bxh4 50. Be5 Be7 51. Bxb8 Nxb8 52. Rxf8 1-0

[Event "Excelsior March op"]
[Site "Toronto CAN"]
[Date "2023.03.11"]
[Round "2.17"]
[White "Raninga, Aditya"]
[Black "Sirkovich, Daniel"]
[Result "1-0"]
[WhiteElo "1939"]
[BlackElo "1528"]
[PlyCount "145"]
[EventDate "2023.03.19"]
[EventType "swiss"]
[EventRounds "5"]
[EventCountry "CAN"]

1. e4 c6 2. d4 d5 3. exd5 cxd5 4. Bd3 Nc6 5. c3 Nf6 6. Bf4 g6 7. Nf3 Bg7 8. O-O
O-O 9. Re1 Bf5 10. Ne5 Rc8 11. Nd2 Bxd3 12. Nxd3 Re8 13. h3 e6 14. Qa4 Nd7 15.
Qb5 Bxd4 16. cxd4 Nxd4 17. Qxb7 Nc2 18. Nf3 f6 19. Bg3 Nb6 20. Rad1 Nxe1 21.
Ndxe1 Re7 22. Qa6 Qd7 23. b3 e5 24. Nh2 Re6 25. Qd3 d4 26. f4 Nd5 27. fxe5 fxe5
28. Nhf3 Rc3 29. Qe4 Re3 30. Qh4 Nc3 31. Rd3 Re4 32. Qh6 Ne2+ 33. Kh2 Nxg3 34.
Kxg3 Qf7 35. Qd2 h6 36. a3 g5 37. Kh2 g4 38. hxg4 Rxg4 39. Ng1 Reg6 40. Nh3 Qc7
41. Kh1 Qc6 42. Qe2 Qd5 43. Qd2 Rf6 44. Rf3 Rfg6 45. Rd3 Rf6 46. Qe2 Re4 47.
Rg3+ Kf8 48. Qd2 Rf1+ 49. Kh2 Rexe1 50. Qxh6+ Ke7 51. Rg7+ Rf7 52. Qh4+ Ke8 53.
Rg8+ Rf8 54. Rxf8+ Kxf8 55. Qxe1 e4 56. Nf2 e3 57. Nd3 a5 58. b4 axb4 59. axb4
Qh5+ 60. Kg1 Ke7 61. Qf1 Qg6 62. Qe2 Kd6 63. Qc2 Qe4 64. b5 Qd5 65. Qc6+ Qxc6
66. bxc6 Kxc6 67. Kf1 Kd5 68. Ke2 Ke4 69. Ne1 Kf4 70. Kd3 Kg3 71. Kxd4 Kf2 72.
g4 e2 73. Nd3+ 1-0

[Event "Excelsior March op"]
[Site "Toronto CAN"]
[Date "2023.03.11"]
[Round "2.18"]
[White "Gavrilin, Roman"]
[Black "Kim, Noah"]
[Result "1-0"]
[WhiteElo "2152"]
[BlackElo "1748"]
[PlyCount "65"]
[EventDate "2023.03.19"]
[EventType "swiss"]
[EventRounds "5"]
[EventCountry "CAN"]

1. e4 c6 2. d4 d5 3. Nc3 dxe4 4. Nxe4 Nf6 5. Nxf6+ exf6 6. c3 Bf5 7. Bd3 Bxd3
8. Qxd3 Bd6 9. Nf3 O-O 10. O-O Re8 11. Be3 Nd7 12. Rad1 Qc7 13. c4 Rad8 14.
Rfe1 Nf8 15. Bd2 Ng6 16. Rxe8+ Rxe8 17. g3 Qd7 18. Re1 Rd8 19. Kg2 h5 20. Qe4
f5 21. Qe2 f4 22. Ng5 Be7 23. Qxh5 Qf5 24. Bxf4 Rxd4 25. Qh7+ Kf8 26. Be5 Rd2
27. Qxg7+ Ke8 28. Ne4 Rc2 29. Nd6+ Bxd6 30. Bxd6+ Kd8 31. Qd4 Kc8 32. Re8+ Kd7
33. Bc7+ 1-0

[Event "Excelsior March op"]
[Site "Toronto CAN"]
[Date "2023.03.11"]
[Round "2.20"]
[White "Siddeley, Hugh"]
[Black "Zhao, Jifan"]
[Result "1-0"]
[WhiteElo "1976"]
[BlackElo "1685"]
[PlyCount "71"]
[EventDate "2023.03.19"]
[EventType "swiss"]
[EventRounds "5"]
[EventCountry "CAN"]

1. e4 e6 2. d4 d5 3. Nc3 Nf6 4. e5 Nfd7 5. f4 c5 6. Nf3 Nc6 7. Be3 Be7 8. Qd2
O-O 9. dxc5 Nxc5 10. Qf2 Ne4 11. Nxe4 dxe4 12. Nd2 f6 13. exf6 Bxf6 14. c3 Qd5
15. Bc4 Qf5 16. Qe2 Kh8 17. O-O e5 18. Bb3 Qg6 19. Bc2 Bf5 20. Rae1 Rfe8 21.
Nc4 Rad8 22. fxe5 Nxe5 23. Nxe5 Bxe5 24. Kh1 Bg4 25. Qc4 Qh5 26. Bg1 Bg3 27.
Rxe4 Be2 28. Qf7 Be5 29. Qxh5 Bxh5 30. Rf5 Bg6 31. Rexe5 Bxf5 32. Rxf5 Re2 33.
Bb3 Rxb2 34. h4 h6 35. Bd4 Rd7 36. h5 1-0

[Event "Excelsior March op"]
[Site "Toronto CAN"]
[Date "2023.03.11"]
[Round "2.21"]
[White "Lakhani, Riyaan"]
[Black "Ramesh, Sanjay"]
[Result "1-0"]
[WhiteElo "1641"]
[BlackElo "1867"]
[PlyCount "107"]
[EventDate "2023.03.19"]
[EventType "swiss"]
[EventRounds "5"]
[EventCountry "CAN"]

1. d4 Nf6 2. c4 e6 3. g3 d5 4. Nf3 Be7 5. Bg2 O-O 6. O-O b6 7. Nbd2 Bb7 8. b3
Nbd7 9. Bb2 c5 10. e3 Rc8 11. Qe2 Qc7 12. Rac1 Qb8 13. Rfd1 Rfd8 14. Ne5 Nxe5
15. dxe5 Ne8 16. e4 d4 17. f4 Qc7 18. Nf3 g6 19. g4 Ng7 20. Rd3 f5 21. exf6
Bxf6 22. e5 Bxf3 23. Qxf3 Be7 24. Qe4 Rf8 25. Rf1 Rf7 26. Bc1 Rcf8 27. Rdf3 Kh8
28. R1f2 Bd8 29. Bf1 Qe7 30. Rh3 Kg8 31. Bd3 Qb7 32. Qe2 Qd7 33. Qc2 Ne8 34.
Rhf3 Bc7 35. Kg2 Ng7 36. Rf1 Qe7 37. Rh3 Ne8 38. Rff3 Bb8 39. Be4 Qd7 40. Qd3
Rg7 41. Rh6 Qe7 42. Kh1 g5 43. f5 exf5 44. gxf5 Qxe5 45. f6 Nxf6 46. Bf5 g4 47.
Bf4 Qe1+ 48. Rf1 Qe7 49. Bxb8 Rxb8 50. Rxf6 Qxf6 51. Bxh7+ Kf7 52. Rxf6+ Kxf6
53. Qf5+ Ke7 54. Qe5+ 1-0

[Event "Excelsior March op"]
[Site "Toronto CAN"]
[Date "2023.03.11"]
[Round "2.22"]
[White "Chen, Richard"]
[Black "Cater, Brendan"]
[Result "1-0"]
[WhiteElo "1820"]
[BlackElo "1601"]
[PlyCount "61"]
[EventDate "2023.03.19"]
[EventType "swiss"]
[EventRounds "5"]
[EventCountry "CAN"]

1. e4 e5 2. Nf3 Nf6 3. Nxe5 Qe7 4. d4 Nc6 5. Nxc6 Qxe4+ 6. Be2 dxc6 7. O-O Be6
8. Bg5 O-O-O 9. c3 Qd5 10. Bxf6 gxf6 11. Nd2 Rg8 12. Bf3 Qg5 13. Ne4 Qf4 14.
Ng3 Bd6 15. b4 f5 16. a4 Bd5 17. Bxd5 cxd5 18. Qh5 Rg5 19. Qxh7 Rdg8 20. Qxf7
Qh4 21. Rfe1 Kd8 22. Qf6+ Kc8 23. Re2 Rf8 24. Qe6+ Kd8 25. Nf1 Rh8 26. g3 Qh5
27. Rae1 Rhg8 28. Qf6+ Kd7 29. Re7+ Bxe7 30. Rxe7+ Kc8 31. Qe5 1-0

[Event "Excelsior March op"]
[Site "Toronto CAN"]
[Date "2023.03.11"]
[Round "2.23"]
[White "Qian, Eric"]
[Black "Huh, Isaak"]
[Result "0-1"]
[WhiteElo "1614"]
[BlackElo "1801"]
[PlyCount "90"]
[EventDate "2023.03.19"]
[EventType "swiss"]
[EventRounds "5"]
[EventCountry "CAN"]

1. e4 e5 2. Nf3 Nc6 3. Bb5 a6 4. Ba4 Nf6 5. O-O Be7 6. Re1 b5 7. Bb3 O-O 8. a4
b4 9. d4 d6 10. dxe5 Nxe5 11. Nxe5 dxe5 12. Qe2 Bb7 13. Rd1 Bd6 14. f3 Nh5 15.
Be3 Qf6 16. a5 Qg6 17. Kh1 Kh8 18. Nd2 f5 19. exf5 Qxf5 20. Nc4 Be7 21. Rac1
Bf6 22. Bc5 Rfe8 23. Ne3 Qg5 24. Bd5 Nf4 25. Qf1 Nxd5 26. Nxd5 Bxd5 27. Rxd5 c6
28. Rd6 e4 29. Rxc6 e3 30. Bxb4 e2 31. Qe1 Rad8 32. Rb1 Qd5 33. Rxf6 gxf6 34.
h3 Qc6 35. Bc3 Rd5 36. Qh4 Rd1+ 37. Kh2 Rxb1 38. Bxf6+ Kg8 39. Qg4+ Kf7 40.
Qh5+ Kxf6 41. Qh6+ Kf7 42. Qxc6 Rh1+ 43. Kxh1 e1=Q+ 44. Kh2 Qe5+ 45. Kh1 Kg7
0-1

[Event "Excelsior March op"]
[Site "Toronto CAN"]
[Date "2023.03.11"]
[Round "2.24"]
[White "Oancea, Nicolae"]
[Black "Di Matteo, Alessio"]
[Result "0-1"]
[WhiteElo "1739"]
[BlackElo "1581"]
[PlyCount "82"]
[EventDate "2023.03.19"]
[EventType "swiss"]
[EventRounds "5"]
[EventCountry "CAN"]

1. e4 c5 2. Nf3 e6 3. c3 Nf6 4. e5 Nd5 5. d4 Nc6 6. a3 d6 7. Bb5 Bd7 8. Bxc6
Bxc6 9. O-O Be7 10. exd6 Bxd6 11. Ne5 cxd4 12. Nxc6 bxc6 13. cxd4 Qc7 14. g3
O-O 15. Nd2 Rfd8 16. Ne4 Bf8 17. Bg5 f6 18. Bd2 Qb6 19. Qa4 Rab8 20. Ba5 Qa6
21. b4 Rdc8 22. Rac1 Kf7 23. Nc5 Bxc5 24. Rxc5 Rb5 25. Qc2 Rxc5 26. Qxc5 Qb7
27. Rc1 Qe7 28. Qc2 Qd6 29. Qxh7 Ne7 30. Qd3 Nf5 31. Rc4 Qd5 32. Qc3 Qe4 33. a4
g5 34. Qc1 Nd6 35. Rc5 Qe2 36. Rxc6 Rxc6 37. Qxc6 Nc4 38. Qb7+ Kg6 39. Qxa7
Qe1+ 40. Kg2 Ne3+ 41. Kh3 Qd2 0-1

[Event "Excelsior March op"]
[Site "Toronto CAN"]
[Date "2023.03.11"]
[Round "2.26"]
[White "Liu, Sean"]
[Black "Anish, Diganth"]
[Result "1-0"]
[WhiteElo "1482"]
[BlackElo "1155"]
[PlyCount "93"]
[EventDate "2023.03.19"]
[EventType "swiss"]
[EventRounds "5"]
[EventCountry "CAN"]

1. e4 e5 2. Nf3 Nc6 3. Bc4 Bc5 4. Nc3 d6 5. h3 Nf6 6. d3 h6 7. Be3 Bb6 8. O-O
O-O 9. Nd5 Be6 10. a3 Bxd5 11. Bxd5 Nxd5 12. exd5 Ne7 13. c4 Nf5 14. Bxb6 axb6
15. Re1 Qd7 16. d4 exd4 17. g4 Ne7 18. Nxd4 c5 19. dxc6 bxc6 20. Qd3 c5 21. Nb5
Rad8 22. Rad1 d5 23. cxd5 Nxd5 24. Nc3 Nf6 25. Qf3 Qa7 26. Qc6 Rc8 27. Qg2 Nh7
28. Nd5 Rce8 29. f4 f6 30. Qc2 Qb7 31. Qf5 b5 32. Re6 Qf7 33. Rc6 g6 34. Qc2 c4
35. Rc7 Qxc7 36. Nxc7 Re7 37. Nxb5 Rg7 38. Qxc4+ Kh8 39. Nd4 Rfg8 40. Ne6 Re7
41. b4 Rge8 42. Nc5 Re3 43. Rd3 Re1+ 44. Kf2 R8e2+ 45. Kf3 Rh2 46. Rd8+ Kg7 47.
Qg8# 1-0

[Event "Excelsior March op"]
[Site "Toronto CAN"]
[Date "2023.03.11"]
[Round "2.27"]
[White "Xie, Irene"]
[Black "Qian, Ashley"]
[Result "1/2-1/2"]
[WhiteElo "1370"]
[BlackElo "1481"]
[PlyCount "102"]
[EventDate "2023.03.19"]
[EventType "swiss"]
[EventRounds "5"]
[EventCountry "CAN"]

1. e4 c5 2. Nf3 d6 3. Bb5+ Bd7 4. Bxd7+ Qxd7 5. Nc3 Nc6 6. b3 Nf6 7. Bb2 e6 8.
d3 Be7 9. O-O O-O 10. Re1 Rfd8 11. e5 dxe5 12. Nxe5 Nxe5 13. Rxe5 Qc7 14. Re1
a6 15. Qf3 Bd6 16. h4 Be5 17. g3 Bd4 18. Na4 Bxb2 19. Nxb2 b5 20. c4 Qd6 21.
Rad1 Qd4 22. Qe2 h6 23. Qe5 Kf8 24. Qxd4 Rxd4 25. Kf1 Ke7 26. Ke2 Rad8 27. Kf3
Nd7 28. Re4 f6 29. Rxd4 Ne5+ 30. Ke2 Rxd4 31. Rd2 Kd7 32. Nd1 Kc6 33. Ne3 g5
34. hxg5 hxg5 35. Nc2 Rd7 36. d4 Nf7 37. cxb5+ axb5 38. dxc5 Rxd2+ 39. Kxd2
Kxc5 40. f4 Nd6 41. fxg5 Ne4+ 42. Ke3 Nxg5 43. Kf4 Nf7 44. Ke3 Nd6 45. g4 Ne8
46. Ke4 Nc7 47. a3 Nd5 48. Kd3 Nf4+ 49. Kc3 Nd5+ 50. Kd3 Nf4+ 51. Kc3 Nd5+
1/2-1/2

[Event "Excelsior March op"]
[Site "Toronto CAN"]
[Date "2023.03.11"]
[Round "2.28"]
[White "Ambilwade, Ojal"]
[Black "Tan, Brendan"]
[Result "0-1"]
[WhiteElo "1476"]
[BlackElo "1540"]
[PlyCount "90"]
[EventDate "2023.03.19"]
[EventType "swiss"]
[EventRounds "5"]
[EventCountry "CAN"]

1. c4 e5 2. Nc3 Nc6 3. e3 g6 4. Nf3 Bg7 5. d4 d6 6. d5 Nb8 7. e4 Ne7 8. Bd3 Nd7
9. Be3 a5 10. a3 Nc5 11. Bc2 f5 12. Bxc5 dxc5 13. Ba4+ Bd7 14. Bxd7+ Qxd7 15.
Ng5 Nc8 16. Ne6 Nd6 17. Nxc5 Qe7 18. Qa4+ Kf7 19. Ne6 c6 20. c5 Nxe4 21. Nxe4
fxe4 22. Qxe4 cxd5 23. Ng5+ Qxg5 24. Qxd5+ Kf8 25. Qxb7 Rd8 26. Qf3+ Qf4 27.
Qxf4+ exf4 28. Rb1 Rb8 29. b4 axb4 30. Rb3 Ke7 31. Ke2 bxa3 32. Rxa3 Rb2+ 33.
Kf3 Bd4 34. Re1+ Kf6 35. Ra6+ Kf5 36. Rf1 Bxc5 37. Ra5 Rc2 38. g4+ Kg5 39. Ke4
Kxg4 40. Kd3 Bb6 41. Ra6 Rc6 42. Rb1 Rd8+ 43. Ke2 Rc2+ 44. Ke1 Bxf2+ 45. Kf1
Be3 0-1

[Event "Excelsior March op"]
[Site "Toronto CAN"]
[Date "2023.03.11"]
[Round "2.29"]
[White "Hartman, Liam"]
[Black "Momic, Jovan"]
[Result "1/2-1/2"]
[WhiteElo "1257"]
[BlackElo "1471"]
[PlyCount "78"]
[EventDate "2023.03.19"]
[EventType "swiss"]
[EventRounds "5"]
[EventCountry "CAN"]

1. e4 d6 2. d4 Nf6 3. Nc3 c6 4. h3 Qa5 5. Bd3 e5 6. Nf3 Nbd7 7. Be3 Be7 8. a4
O-O 9. O-O Re8 10. Re1 Qc7 11. d5 Bf8 12. Bg5 h6 13. Bd2 Nc5 14. Bc4 Bd7 15. b4
Na6 16. Bxa6 bxa6 17. Qe2 Qb7 18. Rad1 cxd5 19. exd5 Bf5 20. Rc1 Nxd5 21. Nxd5
Qxd5 22. Qxa6 e4 23. c4 Qe6 24. Bf4 g5 25. Nd4 Qg6 26. Nxf5 gxf4 27. Nd4 Bg7
28. Rcd1 f3 29. g3 Bxd4 30. Rxd4 Kh7 31. Rxd6 Qh5 32. Kh2 Rad8 33. Re3 Re6 34.
c5 Rexd6 35. cxd6 Qd5 36. Qxa7 Rxd6 37. Qe7 Qd2 38. Qxf7+ Kh8 39. Qf8+ Kh7
1/2-1/2

[Event "Excelsior March op"]
[Site "Toronto CAN"]
[Date "2023.03.11"]
[Round "2.30"]
[White "Li, Triston"]
[Black "Xu, Philip"]
[Result "0-1"]
[WhiteElo "1470"]
[BlackElo "1485"]
[PlyCount "74"]
[EventDate "2023.03.19"]
[EventType "swiss"]
[EventRounds "5"]
[EventCountry "CAN"]

1. e4 c6 2. d4 d5 3. Nc3 dxe4 4. Nxe4 Bf5 5. Ng3 Bg6 6. Nf3 Nf6 7. Bd3 Bxd3 8.
Qxd3 e6 9. Bg5 Nbd7 10. O-O-O Qc7 11. Rhe1 h6 12. Bxf6 Nxf6 13. Ne5 O-O-O 14.
Qf3 Bd6 15. Nh5 Bxe5 16. dxe5 Rxd1+ 17. Kxd1 Rd8+ 18. Kc1 Qa5 19. c3 Nxh5 20.
Qxh5 Qxa2 21. Re4 Rd7 22. Qg4 Qd5 23. Qe2 c5 24. f4 Qb3 25. g4 g6 26. f5 g5 27.
fxe6 fxe6 28. Re3 a5 29. Rh3 a4 30. Qf1 Kc7 31. c4 Qb4 32. Rxh6 Rd2 33. Qf7+
Kb8 34. Qe8+ Ka7 35. Qb5 Rxb2 36. Qxb4 Rxb4 37. Rxe6 a3 0-1

[Event "Excelsior March op"]
[Site "Toronto CAN"]
[Date "2023.03.11"]
[Round "2.31"]
[White "Murali, Dhruv"]
[Black "Deepak, Laksshana"]
[Result "1/2-1/2"]
[WhiteElo "1209"]
[BlackElo "1465"]
[PlyCount "145"]
[EventDate "2023.03.19"]
[EventType "swiss"]
[EventRounds "5"]
[EventCountry "CAN"]

1. b3 Nf6 2. Bb2 g6 3. e3 Bg7 4. d4 d5 5. Nf3 Nbd7 6. Nbd2 O-O 7. Be2 b6 8. O-O
Bb7 9. c4 e6 10. Rc1 Ne4 11. Bd3 f5 12. Qc2 Rc8 13. Ne5 Nxe5 14. dxe5 Nxd2 15.
Qxd2 dxc4 16. bxc4 Qg5 17. f4 Qg4 18. Qf2 Rfd8 19. Be2 Qxg2+ 20. Qxg2 Bxg2 21.
Kxg2 Rd2 22. Kf3 Rxb2 23. a3 Bf8 24. Ra1 Bc5 25. Rfb1 Rd2 26. a4 Rc2 27. Rd1 h6
28. Rac1 Rxc1 29. Rxc1 Rd8 30. Rc2 g5 31. h3 Kf7 32. Ra2 Rg8 33. Ra1 g4+ 34.
hxg4 fxg4+ 35. Kg3 h5 36. Rh1 Kg6 37. e4 Rd8 38. Rd1 Bd4 39. Bd3 Kh6 40. Be2 c5
41. Rh1 Rg8 42. Bd1 Kg6 43. Be2 Rf8 44. Rb1 Be3 45. Rf1 Bd2 46. Bd3 Rd8 47. Bc2
Bc3 48. Rd1 Rf8 49. Bd3 Kh6 50. Be2 Rg8 51. Rh1 Rg7 52. Bd3 Bd2 53. Be2 a6 54.
Bd3 Rd7 55. Be2 Kg6 56. Rb1 Bb4 57. Rd1 Rxd1 58. Bxd1 Be1+ 59. Kg2 g3 60. Bf3
h4 61. Kh3 Kf7 62. Bg2 Bd2 63. Kg4 Be3 64. Kf3 Bd4 65. Kg4 Be3 66. f5 Bd4 67.
Kf4 Bc3 68. fxe6+ Kxe6 69. Bh3+ Ke7 70. e6 g2 71. Bxg2 Kxe6 72. Bh3+ Kf6 73.
Bc8 1/2-1/2

[Event "Excelsior March op"]
[Site "Toronto CAN"]
[Date "2023.03.11"]
[Round "2.32"]
[White "Allahverdi, Umid"]
[Black "Gavrileva, Anna"]
[Result "1-0"]
[WhiteElo "1180"]
[BlackElo "1448"]
[PlyCount "81"]
[EventDate "2023.03.19"]
[EventType "swiss"]
[EventRounds "5"]
[EventCountry "CAN"]

1. e4 e6 2. d4 d5 3. Nd2 c5 4. Ngf3 cxd4 5. exd5 Qxd5 6. Bc4 Qd6 7. O-O Nc6 8.
Nb3 Nf6 9. Nbxd4 Nxd4 10. Nxd4 a6 11. Be3 Qc7 12. Bb3 Bd6 13. h3 O-O 14. c4 Rd8
15. Qc2 h6 16. Nf3 Nd7 17. Ba4 Nc5 18. Bxc5 Bxc5 19. a3 b6 20. b4 Be7 21. Rac1
Bb7 22. c5 bxc5 23. bxc5 Bxf3 24. gxf3 Rac8 25. c6 Bxa3 26. Rcd1 Bd6 27. Qe4
Qa5 28. h4 Qc7 29. Rb1 Qe7 30. Rb7 Rc7 31. Rfb1 Rxb7 32. cxb7 Rb8 33. Bc6 Bc7
34. Qc4 Qd6 35. Kf1 Kf8 36. Rc1 Ke7 37. Qc2 f5 38. Rd1 Qh2 39. Rd7+ Kf6 40. Qc5
Qh1+ 41. Ke2 1-0

[Event "Excelsior March op"]
[Site "Toronto CAN"]
[Date "2023.03.11"]
[Round "2.33"]
[White "Uyanik, Mehmet"]
[Black "Zhan, Jayden Zihan"]
[Result "0-1"]
[WhiteElo "1445"]
[BlackElo "1153"]
[PlyCount "108"]
[EventDate "2023.03.19"]
[EventType "swiss"]
[EventRounds "5"]
[EventCountry "CAN"]

1. e4 c5 2. Nf3 d6 3. Nc3 Nf6 4. d4 cxd4 5. Nxd4 a6 6. Bc4 e6 7. Bb3 b5 8. Bg5
Be7 9. Qf3 Bb7 10. Bxe6 O-O 11. O-O-O Nxe4 12. Bxe7 Qxe7 13. Bd5 Qg5+ 14. Kb1
Nxc3+ 15. Qxc3 Bxd5 16. h4 Qf6 17. Qg3 Qg6 18. Qf4 Qe4 19. Qxd6 Nc6 20. f3 Qe5
21. Qxe5 Nxe5 22. Nf5 Be6 23. Ne7+ Kh8 24. Rhe1 Ng6 25. Nc6 Nxh4 26. Rd2 Rac8
27. Ne5 Rfd8 28. Rde2 Rd6 29. g3 Rcd8 30. c3 Bf5+ 31. Kc1 Be6 32. gxh4 g6 33.
b3 a5 34. h5 Kg7 35. hxg6 hxg6 36. f4 a4 37. b4 Rc8 38. Kb2 a3+ 39. Kxa3 Ra6+
40. Kb2 Rxa2+ 41. Kb1 Rxe2 42. Rxe2 Rxc3 43. Rb2 f6 44. Re2 fxe5 45. Rxe5 Bc4
46. Rg5 Rb3+ 47. Kc2 Rf3 48. Rg4 Be6 49. Rg5 Bf5+ 50. Kb2 Rxf4 51. Kc3 Kf6 52.
Rg1 g5 53. Rd1 Rc4+ 54. Kb3 Bc2+ 0-1

[Event "Excelsior March op"]
[Site "Toronto CAN"]
[Date "2023.03.11"]
[Round "2.34"]
[White "Yang, Albert"]
[Black "Desikan, Ajith"]
[Result "0-1"]
[WhiteElo "1151"]
[BlackElo "1507"]
[PlyCount "64"]
[EventDate "2023.03.19"]
[EventType "swiss"]
[EventRounds "5"]
[EventCountry "CAN"]

1. Nf3 c5 2. g3 g6 3. Bg2 Bg7 4. d3 d5 5. Nbd2 Nf6 6. e4 dxe4 7. dxe4 Nc6 8.
O-O O-O 9. c3 Qc7 10. Qc2 e5 11. Rd1 Bg4 12. h3 Bxf3 13. Nxf3 Rad8 14. Be3 b6
15. a3 c4 16. Nd2 Na5 17. Bg5 Rd7 18. Nf3 Rfd8 19. Bxf6 Bxf6 20. Bf1 Nb3 21.
Rab1 b5 22. Rxd7 Qxd7 23. a4 a6 24. g4 Bg7 25. Be2 Qc6 26. axb5 axb5 27. Rd1
Rxd1+ 28. Bxd1 Nc5 29. Nd2 Bh6 30. Bf3 Nd3 31. b3 Ne1 32. Qd1 Bxd2 0-1

[Event "Excelsior March op"]
[Site "Toronto CAN"]
[Date "2023.03.11"]
[Round "2.35"]
[White "Li, Ethan Yichen"]
[Black "La Selva, Josh"]
[Result "1-0"]
[WhiteElo "1503"]
[BlackElo "907"]
[PlyCount "23"]
[EventDate "2023.03.19"]
[EventType "swiss"]
[EventRounds "5"]
[EventCountry "CAN"]

1. e4 d5 2. exd5 Qxd5 3. Nc3 Qa5 4. d4 c6 5. Nf3 Bg4 6. Be2 Nf6 7. O-O e6 8.
Bf4 Bb4 9. Ne5 Bxe2 10. Nxe2 Bd6 11. Nc4 Qd5 12. Nxd6+ 1-0

[Event "Excelsior March op"]
[Site "Toronto CAN"]
[Date "2023.03.11"]
[Round "2.36"]
[White "Zhang, Daniel"]
[Black "Surendran, Siddharth"]
[Result "1-0"]
[WhiteElo "1498"]
[BlackElo "836"]
[PlyCount "71"]
[EventDate "2023.03.19"]
[EventType "swiss"]
[EventRounds "5"]
[EventCountry "CAN"]

1. e4 c5 2. Nf3 e6 3. c3 d5 4. exd5 Qxd5 5. d4 cxd4 6. cxd4 a6 7. Nc3 Qd8 8.
Ne5 Nf6 9. Bc4 Be7 10. O-O Qc7 11. Qe2 b5 12. Bb3 b4 13. Ne4 Bb7 14. Ba4+ Nc6
15. Bf4 O-O 16. Nxc6 Qxf4 17. Nxe7+ Kh8 18. Nxf6 Qxf6 19. Nc6 Bxc6 20. Bxc6
Rac8 21. Bb7 Rc7 22. Bxa6 Qxd4 23. Rfd1 Qb6 24. Bd3 Rd7 25. Qe4 f5 26. Qe2 Rfd8
27. Bc2 Rxd1+ 28. Rxd1 Rc8 29. Bb3 Rc6 30. Qf3 h6 31. Re1 Qc5 32. h3 g5 33.
Bxe6 f4 34. Qh5 Kg7 35. Qf7+ Kh8 36. Qg8# 1-0

[Event "Excelsior March op"]
[Site "Toronto CAN"]
[Date "2023.03.11"]
[Round "2.38"]
[White "Suresh, Pavan"]
[Black "Zhuang, Ryan"]
[Result "1/2-1/2"]
[WhiteElo "1340"]
[BlackElo "708"]
[PlyCount "79"]
[EventDate "2023.03.19"]
[EventType "swiss"]
[EventRounds "5"]
[EventCountry "CAN"]

1. d4 d5 2. c4 e5 3. dxe5 d4 4. Nf3 Nc6 5. Bf4 f6 6. exf6 Nxf6 7. a3 Be6 8. e3
dxe3 9. Qxd8+ Rxd8 10. Bxe3 Be7 11. Nc3 O-O 12. Be2 Na5 13. Nd2 Ng4 14. Bxg4
Bxg4 15. b4 Nc6 16. O-O Bf6 17. Rac1 Ne5 18. Nce4 Be7 19. f3 Be6 20. Rfd1 Rd3
21. Bc5 Re8 22. Bxe7 Rxe7 23. a4 Nxc4 24. Nxc4 Bxc4 25. Rxd3 Bxd3 26. Nc5 Bg6
27. Nxb7 Be8 28. b5 c6 29. bxc6 Bxc6 30. Rxc6 Rxb7 31. a5 Kf7 32. a6 Rd7 33.
Rc8 Kg6 34. Ra8 Re7 35. g4 Kg5 36. Kg2 Kh4 37. Rh8 h6 38. Rb8 Re6 39. Rb5 g6
40. Ra5 1/2-1/2

[Event "Excelsior March op"]
[Site "Toronto CAN"]
[Date "2023.03.11"]
[Round "2.41"]
[White "Deshpande, Sarthak"]
[Black "Naiboglu, Onur"]
[Result "1-0"]
[WhiteElo "1527"]
[BlackElo "1301"]
[PlyCount "95"]
[EventDate "2023.03.19"]
[EventType "swiss"]
[EventRounds "5"]
[EventCountry "CAN"]

1. d4 Nf6 2. c4 e6 3. Nf3 d5 4. g3 Be7 5. Bg2 O-O 6. Qc2 b6 7. O-O Bb7 8. Bf4
Nbd7 9. Rd1 Rc8 10. Qa4 Re8 11. Na3 c5 12. cxd5 Nxd5 13. Ne5 Rc7 14. Nb5 Bc6
15. Nxc6 Rxc6 16. Nxa7 Rc7 17. Bxc7 Qxc7 18. Nb5 Qb7 19. e4 Nc7 20. Nxc7 Qxc7
21. dxc5 Nf6 22. cxb6 Qb8 23. Qa7 Qxa7 24. bxa7 Bc5 25. e5 Nd5 26. Bxd5 exd5
27. Rxd5 Bxa7 28. Rad1 Bb6 29. Rd6 Bc7 30. Rd7 Bb6 31. Rb7 Bc5 32. Rdd7 Rf8 33.
e6 h6 34. Rxf7 Rxf7 35. Rxf7 Bb4 36. a3 Bc5 37. b4 Bd6 38. Rd7 Bf8 39. e7 Bxe7
40. Rxe7 Kf8 41. Re1 Kf7 42. b5 Kg6 43. b6 Kh7 44. b7 Kg6 45. b8=Q h5 46. Qd6+
Kh7 47. Re7 Kg8 48. Qg6 1-0

[Event "Excelsior March op"]
[Site "Toronto CAN"]
[Date "2023.03.11"]
[Round "2.42"]
[White "Wang, Nathan"]
[Black "Chhabda, Chintansingh"]
[Result "1-0"]
[WhiteElo "1502"]
[BlackElo "1280"]
[PlyCount "56"]
[EventDate "2023.03.19"]
[EventType "swiss"]
[EventRounds "5"]
[EventCountry "CAN"]

1. e4 e6 2. d4 d5 3. e5 c5 4. c3 Nc6 5. Nf3 Bd7 6. Be2 cxd4 7. cxd4 Nge7 8. Na3
Nf5 9. Nc2 Qb6 10. O-O Be7 11. g4 Nh4 12. Nxh4 Bxh4 13. f4 f6 14. Kh1 O-O-O 15.
b4 Nxb4 16. Rb1 Ba4 17. Bd3 Qxd4 18. Nxd4 Bxd1 19. Rxd1 Nxd3 20. Rxd3 Rhe8 21.
Nb5 fxe5 22. Nd6+ Kb8 23. Nxe8 Rxe8 24. fxe5 Rc8 25. Ba3 Bg5 26. Bd6+ Ka8 27.
Rf3 g6 28. Rf7 Rh8 1-0

[Event "Excelsior March op"]
[Site "Toronto CAN"]
[Date "2023.03.11"]
[Round "2.43"]
[White "Mutyalapati, Modith Aaroh"]
[Black "Lin, Austin"]
[Result "1-0"]
[WhiteElo "1455"]
[BlackElo "1168"]
[PlyCount "71"]
[EventDate "2023.03.19"]
[EventType "swiss"]
[EventRounds "5"]
[EventCountry "CAN"]

1. d4 d6 2. c4 g6 3. Nc3 Bg7 4. e4 Nd7 5. Nf3 e5 6. dxe5 Nxe5 7. Bf4 Nxf3+ 8.
Qxf3 Be6 9. Be2 Qd7 10. O-O Ne7 11. Bg5 f6 12. Be3 O-O 13. Nd5 Rae8 14. Bd4 Nc6
15. Bc3 Bxd5 16. cxd5 Ne5 17. Bxe5 Rxe5 18. Qd3 Qe7 19. Bf3 f5 20. exf5 Rexf5
21. Rfe1 Qg5 22. Kh1 Be5 23. Qe3 Qh4 24. g3 Qf6 25. Bg2 Rxf2 26. Rf1 Bxb2 27.
Rab1 Rxf1+ 28. Bxf1 Qf2 29. Qe6+ Kg7 30. Bg2 Qd2 31. Rf1 Bf6 32. g4 Qg5 33. h3
Rf7 34. Qe4 Re7 35. Qf3 Bd4 36. Qf8# 1-0

[Event "Excelsior March op"]
[Site "Toronto CAN"]
[Date "2023.03.11"]
[Round "2.44"]
[White "Furrow, Matthew"]
[Black "Bakradze, Joshua"]
[Result "1-0"]
[WhiteElo "1796"]
[BlackElo "1164"]
[PlyCount "37"]
[EventDate "2023.03.19"]
[EventType "swiss"]
[EventRounds "5"]
[EventCountry "CAN"]

1. d4 d5 2. c4 e5 3. dxe5 d4 4. Nf3 Nc6 5. g3 Nge7 6. Bg2 Ng6 7. O-O Ngxe5 8.
b3 Nxf3+ 9. Bxf3 Bh3 10. Re1 Bb4 11. Bd2 O-O 12. Bxb4 Nxb4 13. Bxb7 Rb8 14. Bf3
Qf6 15. Na3 a6 16. Nc2 d3 17. Nxb4 dxe2 18. Qxe2 Rbe8 19. Qxe8 1-0